Normal view
MARC view
- Snow, Theodore P.
Entry Personal Name
001 - CONTROL NUMBER
- control field: 5009
003 - CONTROL NUMBER IDENTIFIER
- control field: OSt
005 - DATE AND TIME OF LATEST TRANSACTION
- control field: 20170516121310.0
008 - FIXED-LENGTH DATA ELEMENTS
- fixed length control field: 170516|| aca||aabn | a|a d
040 ## - CATALOGING SOURCE
- Original cataloging agency: OSt
- Transcribing agency: OSt
100 ## - HEADING--PERSONAL NAME
- Personal name: Snow, Theodore P.
670 ## - SOURCE DATA FOUND
- Source citation: Work cat.: (OSt): Snow, Theodore P., Essentials of the dynamic universe : , c1984

PORTAL AKMAL
E-MEL JKDM
AKMAL2U
G-BAM
u-PUSTAKA